| 000 | 01122nam a22003377a 4500 | ||
|---|---|---|---|
| 003 | CHAP | ||
| 005 | 20220329133608.0 | ||
| 008 | 971013s1919 r 00010 d | ||
| 010 | _a8344 | ||
| 011 | _a9316 | ||
| 035 | _a8551 | ||
| 040 | _cCHAP | ||
| 082 |
_a620.8 _bU5 |
||
| 110 |
_aUniversidad Nacional Autónoma de México. Instituto de Biotecnología _9116544 |
||
| 245 | _aInforme | ||
| 260 |
_aMéxico, D.F. : _bLa Universidad, _c19 -19 |
||
| 300 | _av. | ||
| 500 | _aLa biblioteca tiene: 1991,1992 | ||
| 590 |
_aBATCH-UPD _b10 _c20130110 _lUCH01 _h1904 |
||
| 590 |
_aBATCH-UPD _b10 _c20130410 _lUCH01 _h1231 |
||
| 590 |
_aBATCH-UPD _b10 _c20130914 _lUCH01 _h0640 |
||
| 590 |
_aCONVERSION _b10 _c20130109 _lUCH01 _h1306 |
||
| 650 | 1 | 4 |
_aBiotecnología vegetal. _912892 |
| 650 | 1 | 4 |
_aBiotecnología _xInvestigación. _912882 |
| 650 | 1 | 4 |
_aIngeniería genética. _958228 |
| 650 | 1 | 4 |
_aRecursos genéticos. _995078 |
| 901 | _aBK | ||
| 942 | _cLIBRO | ||
| 949 |
_a620.8 U5 _bBC _cLIBRO _d33724000014379 _eLIBRO _f1992 _h83496 _i8551 _mD _si |
||
| 949 |
_a620.8 U5 _bBC _cLIBRO _d33724000627261 _eLIBRO _f1991 _gI.c/e _h91804 _i8551 _si |
||
| 999 |
_c8344 _d8344 |
||